[Event "Landesliga Sued 1920"]
[Site "Bayern"]
[Date "2020.01.19"]
[Round "5.3"]
[White "Dirr, Ulrich"]
[Black "Babiy, Olga"]
[Result "0-1"]
[WhiteElo "2216"]
[BlackElo "2315"]
[PlyCount "116"]
[EventDate "2019.09.29"]
[EventType "team-tourn"]
[EventRounds "9"]
[EventCountry "GER"]
[SourceTitle "EXT 2021"]
[Source "ChessBase"]
[SourceDate "2020.10.23"]
[SourceVersion "1"]
[SourceVersionDate "2020.10.23"]
[SourceQuality "1"]
[WhiteTeam "MSA Zugzwang II"]
[BlackTeam "Muenchen SC II"]
[WhiteTeamCountry "GER"]
[BlackTeamCountry "GER"]

1. Nf3 e6 2. g3 b6 3. Bg2 Bb7 4. c4 c5 5. Nc3 Nf6 6. 0-0 Be7 7. Re1 Ne4 8. Nxe4 Bxe4 9. d3 Bb7 10. e4 d6 11. d4 cxd4 12. Nxd4 Nd7 13. f4 a6 14. Be3 0-0 15. Bf2 Rc8 16. Rc1 Re8 17. Qe2 Bf8 18. a3 Qc7 19. Qf1 g6 20. f5 exf5 21. exf5 Rxe1 22. Rxe1 Bxg2 23. Qxg2 Qxc4 24. Qb7 Rc7 25. Qa8 Ne5 26. Kg2 a5 27. Be3 Rc8 28. Qe4 Nd3 29. Re2 Nc5 30. Qf3 Re8 31. Rc2 Qd3 32. Rc3 Qe4 33. b4 Na4 34. Rb3 axb4 35. axb4 Bg7 36. Qxe4 Rxe4 37. Nb5 Be5 38. fxg6 hxg6 39. Kf3 f5 40. Rd3 Nb2 41. Rd5 Nc4 42. Bf2 Kf7 43. Rd1 Ke7 44. Nc7 Kd7 45. Nd5 b5 46. h4 Bg7 47. Be1 Kc6 48. Nf4 Ne5+ 49. Kg2 Bh6 50. Nh3 Ng4 51. Ra1 Ne3+ 52. Kf2 Nc2 53. Ra6+ Kd5 54. Bc3 Nxb4 55. Ra8 Nd3+ 56. Kf1 b4 57. Bf6 b3 58. Rb8 b2 0-1

[Event "Regionalliga Sued-West 1718"]
[Site "Bayern"]
[Date "2017.10.22"]
[Round "1.4"]
[White "Dirr, Ulrich"]
[Black "Brugger, Hans"]
[Result "1-0"]
[WhiteElo "2202"]
[BlackElo "1988"]
[PlyCount "105"]
[EventDate "2017.10.22"]
[EventType "team-tourn"]
[EventRounds "9"]
[EventCountry "GER"]
[SourceTitle "EXT 2022"]
[Source "ChessBase"]
[SourceDate "2021.10.06"]
[SourceVersion "1"]
[SourceVersionDate "2021.10.06"]
[SourceQuality "1"]
[WhiteTeam "Zugzwang MSA II"]
[BlackTeam "Marktoberdorf"]
[WhiteTeamCountry "GER"]
[BlackTeamCountry "GER"]

1. Nf3 d6 2. c4 Bg4 3. e3 Nf6 4. Be2 g6 5. h3 Bd7 6. Nc3 Bg7 7. d4 0-0 8. 0-0 Re8 9. e4 e5 10. d5 a5 11. Ne1 Na6 12. Nd3 b6 13. g4 h5 14. Kg2 Qc8 15. f3 Nc5 16. Nf2 Kh8 17. Be3 Rg8 18. Kh2 Qf8 19. Qd2 Re8 20. Rg1 Nh7 21. gxh5 gxh5 22. f4 exf4 23. Bxf4 h4 24. Raf1 Qe7 25. Bh5 Be5 26. Ng4 Bxg4 27. Bxg4 f6 28. Bf5 Rxg1 29. Rxg1 Ng5 30. Qf2 Bxf4+ 31. Qxf4 Qe5 32. Qxe5 Nf3+ 33. Kg2 Nxe5 34. b3 Ncd3 35. Kf1 Nc5 36. Ke2 Ncd3 37. Ke3 Nb4 38. Nb5 Na6 39. Be6 Kh7 40. Kf4 Rf8 41. Kf5 Kh6 42. Rg2 Kh7 43. Kf4 Nd3+ 44. Kg4 Kh6 45. Nd4 Nac5 46. Nf5+ Kh7 47. Kxh4 Nxe6 48. dxe6 Re8 49. e7 Ne5 50. Kh5 Kh8 51. Rg7 Nf3 52. Kg6 Ng5 53. Nh6 1-0

[Event "Regionalliga SW 1516"]
[Site "Bayern"]
[Date "2016.01.17"]
[Round "5.2"]
[White "Dirr, Ulrich"]
[Black "Fauth, Dietmar"]
[Result "1-0"]
[WhiteElo "2197"]
[BlackElo "2091"]
[PlyCount "103"]
[EventDate "2015.10.11"]
[EventType "team-tourn"]
[EventRounds "9"]
[EventCountry "GER"]
[SourceTitle "EXT 2018"]
[Source "ChessBase"]
[SourceDate "2017.10.13"]
[SourceVersion "1"]
[SourceVersionDate "2017.10.13"]
[SourceQuality "1"]
[WhiteTeam "MSA Zugzwang II"]
[BlackTeam "Muenchen Siemens"]
[WhiteTeamCountry "GER"]
[BlackTeamCountry "GER"]

1. Nf3 c5 2. c4 b6 3. g3 Bb7 4. Bg2 Nf6 5. Nc3 e6 6. 0-0 d6 7. Re1 Be7 8. e4 Nbd7 9. d4 cxd4 10. Nxd4 a6 11. e5 dxe5 12. Bxb7 exd4 13. Bxa8 dxc3 14. Bg2 0-0 15. Qc2 cxb2 16. Bxb2 Qc7 17. Rac1 Rc8 18. Qe2 h6 19. Red1 Bc5 20. Qf3 e5 21. Bh3 Re8 22. Qf5 Re7 23. Rc2 g6 24. Qf3 a5 25. Bc1 Kg7 26. Qe2 Qc6 27. Be3 Bxe3 28. Qxe3 Nc5 29. Bg2 Qc7 30. h3 h5 31. Re1 Qd7 32. Rd2 Qe6 33. Qc3 Nfd7 34. f4 f6 35. Rd5 Kh7 36. Qd2 Qf7 37. Rf1 exf4 38. Qxf4 Qe6 39. Rfd1 Kg7 40. Rd6 Qe5 41. Bc6 Nf8 42. Rf1 f5 43. Bd5 Nfd7 44. Qxe5+ Rxe5 45. Rd1 Re3 46. Bg2 Ne5 47. Rxb6 Ne4 48. Rb3 Re2 49. Rc1 a4 50. Rb7+ Kf6 51. c5 Nd2 52. c6 1-0

[Event "Regionalliga SW 1415"]
[Site "Bayern"]
[Date "2015.02.22"]
[Round "7.3"]
[White "Dirr, Ulrich"]
[Black "Jussupow, Alexander"]
[Result "1-0"]
[WhiteElo "2197"]
[BlackElo "2135"]
[PlyCount "43"]
[EventDate "2014.10.19"]
[EventType "team-tourn"]
[EventRounds "9"]
[EventCountry "GER"]
[SourceTitle "EXT 2018"]
[Source "ChessBase"]
[SourceDate "2017.10.13"]
[SourceVersion "1"]
[SourceVersionDate "2017.10.13"]
[SourceQuality "1"]
[WhiteTeam "MSA Zugzwang II"]
[BlackTeam "Krumbach"]
[WhiteTeamCountry "GER"]
[BlackTeamCountry "GER"]

1. Nf3 d5 2. c4 e6 3. g3 dxc4 4. Bg2 Nf6 5. Na3 c6 6. Nxc4 b5 7. Nce5 Bb7 8. Ng5 Ng4 9. Ngxf7 Qf6 10. Nxg4 Qxf7 11. Ne5 Qc7 12. d4 c5 13. 0-0 Bxg2 14. Kxg2 Nc6 15. Nf3 Nxd4 16. Nxd4 cxd4 17. Qxd4 Qc6+ 18. f3 Rd8 19. Qxa7 Bc5 20. Qxg7 Bd4 21. Qg4 Qc4 22. e3 1-0

[Event "Regionalliga SW 1415"]
[Site "Bayern"]
[Date "2014.12.07"]
[Round "4.3"]
[White "Safyanovsky, Mark"]
[Black "Dirr, Ulrich"]
[Result "1/2-1/2"]
[WhiteElo "2156"]
[BlackElo "2197"]
[PlyCount "39"]
[EventDate "2014.10.19"]
[EventType "team-tourn"]
[EventRounds "9"]
[EventCountry "GER"]
[SourceTitle "EXT 2018"]
[Source "ChessBase"]
[SourceDate "2017.10.13"]
[SourceVersion "1"]
[SourceVersionDate "2017.10.13"]
[SourceQuality "1"]
[WhiteTeam "Haunstetten"]
[BlackTeam "MSA Zugzwang II"]
[WhiteTeamCountry "GER"]
[BlackTeamCountry "GER"]

1. Nf3 f5 2. d4 g6 3. g3 Bg7 4. c3 Nf6 5. Qb3 d5 6. Bg2 0-0 7. Ne5 e6 8. Nd2 Nbd7 9. Ndf3 c5 10. Bf4 cxd4 11. Nxd7 Bxd7 12. cxd4 Qa5+ 13. Bd2 Qb5 14. Ne5 Qxb3 15. axb3 Bb5 16. f3 Rfc8 17. Bc3 a6 18. Kd2 Nd7 19. Nxd7 Bxd7 20. e3 1/2-1/2

[Event "Bayern-chI Bank Hofmann 14th"]
[Site "Bad Wiessee"]
[Date "2010.11.05"]
[Round "8"]
[White "Astengo, Corrado"]
[Black "Dirr, Ulrich"]
[Result "1/2-1/2"]
[WhiteElo "2150"]
[BlackElo "2258"]
[PlyCount "40"]
[EventDate "2010.10.30"]
[EventType "swiss"]
[EventRounds "9"]
[EventCountry "GER"]
[SourceTitle "EXT 2011"]
[Source "ChessBase"]
[SourceDate "2010.11.26"]
[SourceVersion "1"]
[SourceVersionDate "2010.11.26"]
[SourceQuality "1"]

1. e4 e6 2. d3 d5 3. Nd2 c5 4. g3 Nc6 5. Bg2 g6 6. Ngf3 Bg7 7. 0-0 Nge7 8. Re1 b6 9. c3 0-0 10. a3 a5 11. Nf1 h6 12. h4 Ra7 13. e5 b5 14. Bf4 Nf5 15. Rc1 Ba6 16. Ne3 c4 17. Nxf5 gxf5 18. d4 Bc8 19. Qd2 Kh7 20. Ra1 Rb7 1/2-1/2

[Event "Neckar op-A 14th"]
[Site "Deizisau"]
[Date "2010.04.03"]
[Round "5.14"]
[White "Dirr, Ulrich"]
[Black "Dvirnyy, Danyyil"]
[Result "0-1"]
[WhiteElo "2262"]
[BlackElo "2450"]
[PlyCount "110"]
[EventDate "2010.04.01"]
[EventType "swiss"]
[EventRounds "9"]
[EventCountry "GER"]
[SourceTitle "EXT 2015"]
[Source "ChessBase"]
[SourceDate "2014.11.20"]
[SourceVersion "1"]
[SourceVersionDate "2014.11.20"]
[SourceQuality "1"]

1. Nf3 Nf6 2. c4 e6 3. g3 d5 4. d4 Be7 5. Bg2 0-0 6. 0-0 dxc4 7. Qa4 a6 8. Qxc4 b5 9. Qc2 Bb7 10. Nbd2 Nbd7 11. Rd1 Ra7 12. Ne5 Bxg2 13. Kxg2 Qa8+ 14. Ndf3 c5 15. Bg5 Nxe5 16. dxe5 Ne4 17. Bxe7 Rxe7 18. a4 Qb7 19. axb5 axb5 20. Ra5 c4 21. Raa1 f5 22. exf6 Nxf6 23. Rd6 e5 24. Kg1 e4 25. Ng5 Qc8 26. Kg2 Ng4 27. Qd2 Qf5 28. Qd5+ Qxd5 29. Rxd5 h6 30. Nh3 Rxf2+ 31. Nxf2 Ne3+ 32. Kg1 Nxd5 33. Rd1 Nf6 34. Rd8+ Kf7 35. Rb8 Re5 36. Rb7+ Ke6 37. Rxg7 e3 38. Nh3 Kd5 39. Rg6 Ne4 40. Nf4+ Kc5 41. Ra6 Kb4 42. Ra3 Nf2 43. h4 Nd1 44. g4 Re4 45. Nd5+ Kc5 46. Nf6 Rf4 47. g5 hxg5 48. hxg5 Rf5 49. Kh2 Kd4 50. Nh7 Rf2+ 51. Kg3 Rxe2 52. g6 Re1 53. Ng5 Rg1+ 54. Kf4 Rxg5 55. Rxe3 Rxg6 0-1

[Event "Landesliga Sued 0809"]
[Site "Bayern"]
[Date "2009.01.18"]
[Round "5.1"]
[White "Dirr, Ulrich"]
[Black "Safyanovsky, Mark"]
[Result "1/2-1/2"]
[WhiteElo "2271"]
[BlackElo "2256"]
[PlyCount "31"]
[EventDate "2008.10.05"]
[EventType "team-tourn"]
[EventRounds "9"]
[EventCountry "GER"]
[SourceTitle "EXT 2020"]
[Source "ChessBase"]
[SourceDate "2019.10.17"]
[SourceVersion "1"]
[SourceVersionDate "2019.10.17"]
[SourceQuality "1"]
[WhiteTeam "Muenchen Zugzwang"]
[BlackTeam "Dillingen"]
[WhiteTeamCountry "GER"]
[BlackTeamCountry "GER"]

1. e4 c5 2. Nf3 Nc6 3. Bb5 Qc7 4. 0-0 a6 5. Bxc6 dxc6 6. h3 e5 7. d3 Ne7 8. Nh4 Ng6 9. Nxg6 hxg6 10. f4 exf4 11. Bxf4 Qd8 12. Qf3 Be6 13. Nd2 Be7 14. Be5 f6 15. Bc3 Qc7 16. Qf4 1/2-1/2